000 00552nam a2200181Ia 4500
008 100920s9999 xx 000 0 und d
082 _b75553
_a--- थ 99
100 _aभावे पु. भा.
245 _aमागं वळून.
260 _bराजश्री प्रकाशन, पुणे.
_c1999
300 _a207
_bसाधी
365 _b130
520 _aकादंबरी.
630 _aमागं वळून.
650 _aकादंबरी.
730 _aमागं वळून.
942 _cBOOK
999 _c717057
_d717054